Normal view
MARC view
Entry Personal Name
001 - CONTROL NUMBER
- control field: 264737
003 - CONTROL NUMBER IDENTIFIER
- control field: OSt
005 - DATE AND TIME OF LATEST TRANSACTION
- control field: 20260527143539.0
008 - FIXED-LENGTH DATA ELEMENTS
- fixed length control field: 260527|| aca||aabn | a|a d
040 ## - CATALOGING SOURCE
- Original cataloging agency: OSt
- Transcribing agency: OSt
100 ## - HEADING--PERSONAL NAME
- Personal name: SANJIVAYYA (B C)
- Dates associated with a name: ಸಂಜೀವಯ್ಯ (ಬಿ ಸಿ)
670 ## - SOURCE DATA FOUND
- Source citation: Work cat.: (OSt)99641: SANJIVAYYA (B C) ಸಂಜೀವಯ್ಯ (ಬಿ ಸಿ) , Vyapara shastradhyayana. II P U C, 1995